[Event "CAN-ch U16"]
[Site "Quebec"]
[Date "2018.07.04"]
[Round "5.26"]
[White "Morin, Gabriel"]
[Black "Chen, Shawn"]
[Result "1-0"]
[WhiteElo "926"]
[BlackElo "960"]
[PlyCount "76"]
[EventDate "2018.07.02"]
[EventType "swiss"]
[EventRounds "7"]
[EventCountry "CAN"]
[SourceTitle "EXT 2022"]
[Source "ChessBase"]
[SourceDate "2021.10.06"]
[SourceVersion "1"]
[SourceVersionDate "2021.10.06"]
[SourceQuality "1"]

1. e4 e6 2. Nf3 d5 3. Nc3 Nf6 4. Bd3 c5 5. exd5 Nxd5 6. 0-0 Bd6 7. Re1 Nxc3 8. dxc3 0-0 9. Ng5 h6 10. Nf3 Qc7 11. g3 Nd7 12. Qe2 b6 13. Qe4 Nf6 14. Qxa8 Bb7 15. Qxa7 Ra8 16. Qxa8+ Bxa8 17. Nh4 Qc6 18. f3 g5 19. Ng2 Qxf3 20. Re2 Be4 21. Rf2 Qd1+ 22. Rf1 Qg4 23. Rxf6 Bxd3 24. cxd3 Qd1+ 25. Rf1 Qxd3 26. Be3 Qe4 27. Rad1 Bc7 28. Rd7 Be5 29. Rfxf7 Qb1+ 30. Rf1 Qxb2 31. Re7 Qxa2 32. Rc1 Bf6 33. Rb7 Qb3 34. c4 h5 35. h3 Bd4 36. Bxd4 cxd4 37. Rc7 Qxg3 38. Rb7 h4 1-0

[Event "CAN-ch U14"]
[Site "Windsor"]
[Date "2016.07.06"]
[Round "3.40"]
[White "Morin, Gabriel"]
[Black "Novakovic, David"]
[Result "0-1"]
[WhiteElo "795"]
[BlackElo "939"]
[PlyCount "146"]
[EventDate "2016.07.05"]
[EventType "swiss"]
[EventRounds "7"]
[EventCountry "CAN"]
[SourceTitle "EXT 2022"]
[Source "ChessBase"]
[SourceDate "2021.10.06"]
[SourceVersion "1"]
[SourceVersionDate "2021.10.06"]
[SourceQuality "1"]

1. e4 e5 2. Qh5 Nf6 3. Qxe5+ Qe7 4. Qxe7+ Bxe7 5. Nc3 Bb4 6. a3 Bxc3 7. bxc3 Nxe4 8. Bd3 Nf6 9. c4 Nc6 10. Bb2 b6 11. 0-0-0 Bb7 12. Re1+ Ne7 13. f3 d6 14. Be4 Bxe4 15. fxe4 0-0-0 16. Nf3 h6 17. e5 dxe5 18. Nxe5 Rhf8 19. Nf3 Nc6 20. Bxf6 gxf6 21. c3 Rfe8 22. h4 Ne5 23. Kc2 Nxc4 24. Rxe8 Rxe8 25. Re1 Rxe1 26. Nxe1 Nxa3+ 27. Kb3 Nb5 28. c4 Nd4+ 29. Kc3 Ne2+ 30. Kb2 Kb7 31. Nc2 Nf4 32. g3 Nd3+ 33. Kc3 Ne5 34. d4 Nd7 35. d5 c6 36. dxc6+ Kxc6 37. Nd4+ Kc5 38. h5 Ne5 39. Nf5 Ng4 40. Ne7 Ne3 41. Ng8 Nf5 42. g4 Ne3 43. Nxh6 a5 44. Kb3 Kd4 45. Nxf7 Nxg4 46. Nd8 f5 47. Ne6+ Ke5 48. Ng5 f4 49. Kc3 Kf5 50. Nf3 Nf6 51. h6 Kg6 52. Kd4 Kxh6 53. Ke5 Nh5 54. Kd6 a4 55. Kc6 a3 56. Nd2 f3 57. Kxb6 a2 58. Nxf3 a1Q 59. c5 Qf6+ 60. c6 Ng7 61. Kb7 Qxf3 62. Kb6 Ne8 63. c7 Nxc7 64. Kxc7 Qd5 65. Kc8 Qd6 66. Kb7 Qc5 67. Ka8 Qb4 68. Ka7 Kg6 69. Ka8 Kf7 70. Ka7 Ke7 71. Ka8 Kd7 72. Ka7 Kc6 73. Ka8 Qb7# 0-1

[Event "CAN-ch U14"]
[Site "Windsor"]
[Date "2016.07.05"]
[Round "1.40"]
[White "Morin, Gabriel"]
[Black "Ju, Lawrence"]
[Result "0-1"]
[WhiteElo "795"]
[BlackElo "1666"]
[PlyCount "90"]
[EventDate "2016.07.05"]
[EventType "swiss"]
[EventRounds "7"]
[EventCountry "CAN"]
[SourceTitle "EXT 2022"]
[Source "ChessBase"]
[SourceDate "2021.10.06"]
[SourceVersion "1"]
[SourceVersionDate "2021.10.06"]
[SourceQuality "1"]

1. e4 c5 2. Qh5 Nf6 3. Qxc5 Nxe4 4. Qe5 d5 5. d3 Nc6 6. Qf4 e5 7. Qe3 Bc5 8. Qe2 Nd4 9. Qh5 Nxc2+ 10. Ke2 Qf6 11. f3 Nf2 12. Nc3 Bf5 13. Kd2 Nxa1 14. Nxd5 Qc6 15. Qxf5 Qxd5 16. f4 Bb4+ 17. Ke2 Nxh1 18. Qxe5+ Qxe5+ 19. fxe5 Rc8 20. Be3 Rc2+ 21. Kf3 Bd2 22. Bxd2 Rxd2 23. Ke3 Rf2 24. Be2 Nc2+ 25. Kd2 Nd4 26. Ke3 Nxe2 27. Nxe2 Rxe2+ 28. Kxe2 0-0 29. Kf1 Rc8 30. Ke2 Rc2+ 31. Kd1 Rxb2 32. Kc1 Rxa2 33. Kb1 Rxg2 34. d4 Rd2 35. h4 a5 36. d5 Rxd5 37. e6 fxe6 38. h5 e5 39. Kb2 e4 40. Kc3 e3 41. Kc4 Rd2 42. h6 e2 43. hxg7 e1Q 44. Kb5 Qb1+ 45. Kc4 Qb4# 0-1